000 01347nam a2200217 i 4500
001 165272
003 ES-MaACL
005 20230906213112.0
008 950206s1789 sp af |||| | spa d
100 1 _aServidori, Domingo María de.
_9105869
245 1 0 _aReflexiones sobre la verdadera arte de escribir /
_cpor el abate Domingo Maria de Servidori ; tomo primero [-segundo].
260 _aMadrid :
_ben la Imprenta Real,
_c1789.
300 _a2 v. ([10], 293, [1] p. ; [4], 105 h. de lam. ;
_cFol.
530 _aDisponible en formato digital.
597 _aSign.: [ ]¹, ¶-¶¶², A-Z², AA-ZZ², AAA-ZZZ², 4A-4D2, 4E1.
599 _aLas hojas de lámina son grabados calcográficos de láminas de caligrafía: "Laurs. á Mansilla sct.", "Ant. Espinosa sculp.", "Josef Assensio lo grabó", "Domingo Servidori descripsit. F. Assensio sculp.", "Franco. Hurtado de Mendoza escª. Fabregat sc.", "Giraldo sculpt.", "Franco. Lucas lo escribió", "Jph. Carballosa desc.", "Andres del Rio desc.", "Juan Pedro Etcheverry lo copió", "Paillason lo escribió", "Rosignol lo escribió", "Ricarte sculpt.
650 4 _aEscritura.
_912401
650 0 0 _aCaligrafía.
_910684
852 _aES-MaACL
_jR-71-72
_z- Enc. pasta española
_xOlim:C- 2463-4
856 _uhttp://bdh-rd.bne.es/viewer.vm?id=0000188131&page=1
_zBiblioteca Digital Hispánica
999 _c165272
_d165272